| 000 | 00528nam a22001697a 4500 | ||
|---|---|---|---|
| 999 |
_c15225 _d15225 |
||
| 003 | OSt | ||
| 082 | _2631.587 DAM/PE | ||
| 088 | _aT 119 | ||
| 100 |
_aM. DAMODHARA RAO _92799 |
||
| 245 | _aPerformance evaluation of hydrocyclone filter | ||
| 260 |
_aTavanur 2001 _bKelappaji College of Agricultural Engineering and Technology |
||
| 300 | _a121 | ||
| 500 | _aPerformance evaluation of hydrocyclone filter | ||
| 520 | _aPerformance evaluation of hydrocyclone filter | ||
| 700 |
_aDr. K. John Thomas (Guide) _92139 |
||
| 942 | _cTH | ||